000 nam a22 7a 4500
999 _c9682
_d9682
008 180206b ||||| |||| 00| 0 eng d
100 _aSoni, R
_95797
245 _aLittle steps: A Manual for pre - school teachers
260 _aNew Delhi
_bNCERT
_c2005